00518nam a2200193 a 4500001001300000003000900013005001700022008004100039020001000080082001500090100002200105245003700127260004700164300000900211500003500220505001600255650003100271700002200302nice12345678IN_TiNIC20260116011657.0050524s1935 mada grp 000 0 eng  ac10000a270.3bWAL aWalsh, H Pakenham aLights and Shades of Christendom aMadrasbChristian Literature Societyc1935 a363p aincludes index and biblioraphy2 aMaps, Index aChurch-History Middle Ages1 aWalsh, H Pakenham